| 000 | 00809nas a2200265 4500 | ||
|---|---|---|---|
| 001 | BR0104936 | ||
| 003 | BR-BrBNA | ||
| 005 | 20231205102507.0 | ||
| 007 | ta | ||
| 008 | 230509b bl.|||p| |||| 00| 00por d | ||
| 040 |
_aBR-BrBNA _bpor _cBiblioteca Nacional de Agricultura |
||
| 041 | _a(Pt) | ||
| 072 | _aL73 | ||
| 100 | 1 | _aIlha, M.R.S. | |
| 100 | 1 | _aRiet-Correa, F. | |
| 100 | 1 | _aBarros, C.S.L. | |
| 245 | 1 | _aSindrome distermica (Hipertermia)em bovinos associada a intoxicacao por Claviceps purpurea | |
| 650 | _aBovino | ||
| 650 | _aIntoxicacao Alimentar | ||
| 650 | _aSindrome | ||
| 650 | _aTemperatura | ||
| 773 | 0 |
_tPesquisa Veterinaria Brasileira (Brazil) _xISSN 0100-736X _g(Abr-Jun 2001), v. 21(2) p. 81-86 _wBR0104936 |
|
| 909 |
_a202311 _bLúcia _c55 _dLúcia Elande |
||
| 942 |
_2AGRIS _n0 _cANA |
||
| 999 |
_c167839 _d167839 |
||